000 00685nam a2200217Ia 4500
003 GCL
008 140319s9999 xx 000 0 ara d
040 _aGCL /
_cGCL
082 0 4 _a810.009
_bش ش
100 1 _aشوقى ضيف
245 1 0 _aالشعر وطوابعة الشعبية على مر العصور /
_cشوقى ضيف
260 _aالقاهرة :
_bدار المعارف ،
_c1984
300 _a253 ص ؛
_c24 سم
490 _a
650 0 4 _aالشعر العربى
650 0 4 _aالادب العربى
650 0 4 _aالعصر الحديث
650 0 4 _aالعصر الجاهلى
650 0 4 _aالدولة العباسية الثانية
942 _2ddc
_cBK
999 _c28671
_d28671